00977 2200349 4500001002100000005001500021007000300036008004100039020002200080035002000102040001700122041000800139082001000147084001600157090001900173100002400192245007700216250001200293264004900305300003400354336002100388337003000409338002300439500003000462504002900492650001500521700003000536850001000566990001700576990001700593990001700610INLIS00000000000600620260419074731ta260419 0  a978-979-769-254-4 a0010-0322000250 aSBPUPADbind0 aind a370.1 a370.1 SUK l a370 MAR p 13-20 aSukardjoePengarang1 aLandasan Pendidikan :bKonsep dan Aplikasinya /cSukardjo;Ukim Komarudin a.-cet.1 a.--Jakarta :bPT Rajagrafindo Persada,c2009 ax, 158 hlm. :bilus. ;c21 cm 2rdacontentaTeks 2rdamediaaTanpa Perantara 2rdacarrieravolume aBiografi Penulis, hlm 157 aBibliografi, hlm 149-155 4aPendidikan aUkim KomarudinePengarang aPUPAD a12690/H/KAPD a12691/H/KAPD a12692/H/KAPD